Fotografické ateliéry v Košiciach od druhej polovice 19. storočia do roku 1918

Bibliographic Details
Main Author: Rybárová, Kristína, 1953- (Author)
Format: Article
Language:Slovak
PhysicalDescription:Fot. 8. Tb. 2. Res. nem., rus.
Subjects:

MARC

LEADER 00000nab a2200000 a 4500
001 vtls000430627
003 SK-MaSNL
005 20260304000948.0
008 160629c1990 xo 0 slo
015 |a SNBRA19rr/mm-uuuuu 
035 |a CL0430755 
040 |a SNKBUCL  |b slo  |c SNKBUCL  |e AACR2 
041 0 |a slo 
044 |a xo  |c SK 
080 |a 771.1"18/19":069.51  |2 1981 
080 |a 069.51  |2 1981 
080 |a 069.6.02  |2 1981 
100 1 |a Rybárová, Kristína,  |d 1953-  |4 aut  |9 191001 
245 1 0 |a Fotografické ateliéry v Košiciach od druhej polovice 19. storočia do roku 1918  |c Kristína Rybárová 
300 |b Fot. 8. Tb. 2. Res. nem., rus. 
610 2 7 |a Východoslovenské múzeum  |2 snkbucl  |9 29561 
650 0 7 |a fotografia  |2 snkbucl  |9 1694 
650 0 7 |a fotografické ateliéry  |2 snkbucl  |9 3163 
650 0 7 |a umelecké zbierky  |2 snkbucl  |9 2982 
651 7 |a 5403  |2 snkbucl  |9 893808 
655 7 |a články zo zborníkov  |2 snkbucl  |9 166140 
773 0 |t Historica carpatica 21  |d Košice : Východoslovenské vydavateľstvo, 1990  |g S. 47-62 
850 |a Slovenská národná knižnica v Martine  |a MTA001 
852 |a SNK  |b KIS3GCP 
958 |a RK 
992 |a RZB 
999 |c 2533913  |d 2535843